Fast typing - "When All Hands Were Called to Make Sail" - Statistics

General Stats
  • This quiz has been taken 4 times
  • The average score is 10 of 15
Answer Stats
Hint Answer % Correct
I am at rudder, at bow, at mast, at rigging, at deck, at halyard, at stern, when the hold explodes with screaming. I am at rudder, at bow, at mast, at rigging, at deck, at halyard, at stern, when the hold explodes with screaming.
100%
for Spalding Gray for Spalding Gray
100%
I have six arms, am the dismembered figurehead, ballast, breasts covered in blue scales. I have six arms, am the dismembered figurehead, ballast, breasts covered in blue scales.
100%
Is nothing worthy? Is nothing worthy?
100%
The basin must cradle, keep her passengers, though the hero abandoned the ferry for the real sea. The basin must cradle, keep her passengers, though the hero abandoned the ferry for the real sea.
100%
The child, even his cries, must the ship balance, makes me wild to right this unhumanly keeling. The child, even his cries, must the ship balance, makes me wild to right this unhumanly keeling.
100%
The West and North winds both lover us, wanting, bitter, to bring us in close in the small hold. The West and North winds both lover us, wanting, bitter, to bring us in close in the small hold.
100%
Tongues loll and laze, while the flap and snapping above: crazy wanderlust. Tongues loll and laze, while the flap and snapping above: crazy wanderlust.
100%
Wallet on bench. Wallet at home. Wallet at rest. Wallet on bench. Wallet at home. Wallet at rest.
100%
Is this what you meant when you said a family steadied you? Is this what you meant when you said a family steadied you?
50%
One boy has stolen the other’s marble. The boat shifts, tilts. A wallet washes up against us. One boy has stolen the other’s marble. The boat shifts, tilts. A wallet washes up against us.
50%
But she dreams. Dreams. But she dreams. Dreams.
0%
Is this what they see when they see me and my six handless arms, shining torso and cuspid humor? Is this what they see when they see me and my six handless arms, shining torso and cuspid humor?
0%
The figurehead has no need for eyelids, must on-guard, vigil, dry eyed. The figurehead has no need for eyelids, must on-guard, vigil, dry eyed.
0%
The sail, its fine apparel, its linen long-shadow: a tiny hand opening, budlike The sail, its fine apparel, its linen long-shadow: a tiny hand opening, budlike
0%
No matching quizzes found
Score Distribution
Percent of People with Each Score
Percentile by Number Answered
Your Score History
You have not taken this quiz